| 000 | 01129cam a22001934a 4500 | ||
|---|---|---|---|
| 005 | 20250605164215.0 | ||
| 008 | 250528s ||||||||||||||||||||||||d | ||
| 035 | _a20428 | ||
| 020 | _a850362369 | ||
| 040 |
_aGR-AtMCL _bgre _dGR-AtMCL _eAACR2 |
||
| 245 | 1 | _aThe Theory of the Novel / A Historico-Philosophical Essay on the Forms of Great Epic Literature | |
| 260 |
_bMerlin Press, _c1971 |
||
| 300 | _a160 | ||
| 520 | _aThe book marks a radical turning-point in Lukacs intellectual development and is essential to an understanding of him as a thinker. Preface, Integrated Civiliζations, The Problems of a Philosophy of the History of Forms, The Epic and the Novel, The Inner Form of the Novel, The Historic-Philosophical Conditioning of the Novel and its Significance, Attempt at a Typology of the Novel Form, Abstract Idealism, The Romanticism of Disillusionment, Wilbelm Meister's Years of Apprenticeship as an attempted synthesis, Tolstoy and the Attempt to go beyond the social forms of life, Index of Names, Index of Subjects. | ||
| 700 | 1 |
_aLukacs Georg _9498 |
|
| 942 | _cBK | ||
| 999 |
_c5537 _d5537 |
||